[Event "Moscow-chT"]
[Site "Moscow"]
[Date "2015.10.22"]
[Round "4.1"]
[White "Dragomarezkij, Evgeni"]
[Black "Simonian, Tigran"]
[Result "1-0"]
[WhiteElo "2377"]
[BlackElo "2401"]
[PlyCount "138"]
[EventDate "2015.10.15"]
[EventType "team-swiss"]
[EventRounds "9"]
[EventCountry "RUS"]
[SourceTitle "CBM 168 Extra"]
[Source "ChessBase"]
[SourceDate "2015.10.29"]
[SourceVersion "1"]
[SourceVersionDate "2015.10.29"]
[SourceQuality "1"]
[WhiteTeam "Automation"]
[BlackTeam "Glek Academy"]
[WhiteTeamCountry "RUS"]
[BlackTeamCountry "RUS"]

1. c4 Nf6 2. Nc3 e6 3. d4 d5 4. cxd5 Nxd5 5. Bd2 c5 6. Nf3 Be7 7. dxc5 Bxc5 8. Nxd5 exd5 9. Bc3 0-0 10. e3 Nc6 11. Be2 a6 12. 0-0 Re8 13. Rc1 Bb6 14. Nd4 Nxd4 15. Bxd4 Be6 16. Bf3 h6 17. Rc3 Qd6 18. Bxb6 Qxb6 19. Qd2 Rac8 20. Rb3 Qc6 21. Rd3 Qc4 22. a3 Qc2 23. Rd1 Red8 24. h3 Rd7 25. Qb4 Rc4 26. Qb6 Rc6 27. Qd4 Qc5 28. Qxc5 Rxc5 29. b4 Rb5 30. Rd4 f5 31. g4 g6 32. Kg2 Kg7 33. gxf5 gxf5 34. Kg3 Kf6 35. Kf4 Bf7 36. Be2 Rb6 37. Rc1 Re6 38. Bd3 Ree7 39. Bxf5 Rc7 40. Rxc7 Rxc7 41. f3 Rc3 42. a4 b6 43. e4 Bh5 44. Bg4 Bxg4 45. hxg4 dxe4 46. Kxe4 Ke7 47. a5 bxa5 48. bxa5 Rc1 49. Rb4 Rc5 50. Rb6 h5 51. Rxa6 hxg4 52. fxg4 Kf7 53. Kf4 Kg7 54. Kg3 Rb5 55. Kh4 Rc5 56. g5 Rc1 57. Rd6 Ra1 58. a6 Kf7 59. Kg4 Ra2 60. Rf6+ Kg7 61. Rc6 Kf7 62. Kf4 Ra5 63. g6+ Kg7 64. Ke4 Kg8 65. Kd4 Kg7 66. Kc4 Ra1 67. Kb5 Rb1+ 68. Ka5 Rb2 69. a7 Rb3 1-0

[Event "Moscow op-A"]
[Site "Moscow"]
[Date "2015.02.08"]
[Round "9"]
[White "Simonian, Tigran"]
[Black "Miroshnichenko, Pavel"]
[Result "1/2-1/2"]
[WhiteElo "2412"]
[BlackElo "2245"]
[PlyCount "59"]
[EventDate "2015.01.31"]
[EventType "swiss"]
[EventRounds "9"]
[EventCountry "RUS"]
[SourceTitle "CBM 164 Extra"]
[Source "ChessBase"]
[SourceDate "2015.03.02"]
[SourceVersion "1"]
[SourceVersionDate "2015.03.02"]
[SourceQuality "1"]

1. Nf3 d5 2. e3 Nf6 3. c4 c6 4. Nc3 g6 5. d4 Bg7 6. h3 0-0 7. Bd3 Nbd7 8. 0-0 dxc4 9. Bxc4 Qc7 10. Bd2 e5 11. Rc1 exd4 12. exd4 Nb6 13. Bb3 Qd6 14. Re1 Bf5 15. Bg5 Rfe8 16. Ne5 Be6 17. Bxf6 Bxf6 18. Ne4 Qd8 19. Qf3 Kg7 20. Bxe6 Rxe6 21. Nxf7 Qe7 22. Ne5 Bxe5 23. dxe5 Rxe5 24. Re2 Nd5 25. Rce1 Rf8 26. Qb3 Nf4 27. Re3 Nd5 28. R3e2 Nf4 29. Re3 Nd5 30. R3e2 1/2-1/2

[Event "Moscow op-A"]
[Site "Moscow"]
[Date "2015.02.04"]
[Round "5"]
[White "Simonian, Tigran"]
[Black "Ponkratov, Pavel"]
[Result "0-1"]
[WhiteElo "2412"]
[BlackElo "2620"]
[PlyCount "52"]
[EventDate "2015.01.31"]
[EventType "swiss"]
[EventRounds "9"]
[EventCountry "RUS"]
[SourceTitle "CBM 164 Extra"]
[Source "ChessBase"]
[SourceDate "2015.03.02"]
[SourceVersion "1"]
[SourceVersionDate "2015.03.02"]
[SourceQuality "1"]

1. c4 e5 2. Nc3 Nf6 3. g3 d5 4. cxd5 Nxd5 5. Bg2 Nb6 6. Nf3 Nc6 7. d3 Be7 8. 0-0 g5 9. a3 g4 10. Nd2 h5 11. b4 h4 12. Re1 hxg3 13. hxg3 Be6 14. Nb3 a5 15. Bxc6+ bxc6 16. Nxa5 c5 17. Bd2 Qd7 18. Kg2 c4 19. Rh1 0-0-0 20. Rxh8 Rxh8 21. dxc4 f5 22. Be3 Bd6 23. c5 Nd5 24. Ne4 Qh7 25. Qh1 Nxe3+ 26. fxe3 Bd5 0-1

[Event "Groningen op 52nd"]
[Site "Groningen"]
[Date "2014.12.26"]
[Round "5"]
[White "Simonian, Tigran"]
[Black "Warmerdam, Max"]
[Result "1-0"]
[WhiteElo "2406"]
[BlackElo "2123"]
[PlyCount "93"]
[EventDate "2014.12.21"]
[EventType "swiss"]
[EventRounds "9"]
[EventCountry "NED"]
[SourceTitle "CBM 164 Extra"]
[Source "ChessBase"]
[SourceDate "2015.03.02"]
[SourceVersion "1"]
[SourceVersionDate "2015.03.02"]
[SourceQuality "1"]

1. d4 Nf6 2. c4 g6 3. Nc3 Bg7 4. e4 d6 5. h3 0-0 6. Bg5 Na6 7. Bd3 e5 8. d5 Qe8 9. Nge2 Nd7 10. a3 f5 11. b4 f4 12. f3 h6 13. Bh4 g5 14. Bf2 h5 15. c5 g4 16. hxg4 hxg4 17. c6 Nf6 18. cxb7 Bxb7 19. Bc4 Rf7 20. Qd3 Nb8 21. Rc1 a5 22. b5 Nbd7 23. Na4 Qd8 24. Bb3 Nh7 25. Kd2 Bf6 26. Rc6 g3 27. Bg1 Nhf8 28. Qc2 Rc8 29. Ke1 Kg7 30. Qc3 Re7 31. Qxa5 Bxc6 32. dxc6 Nc5 33. Nxc5 dxc5 34. Qd2 Ne6 35. Bxe6 Rxe6 36. Bxc5 Qe8 37. Nc3 Be7 38. Qd5 Bd6 39. Qc4 Qe7 40. Nd5 Qf8 41. Nxc7 Rg6 42. Ne6+ Rxe6 43. Qxe6 Bxc5 44. Qg4+ Kf6 45. Qf5+ Ke7 46. Rh7+ Kd6 47. Rd7# 1-0

[Event "Groningen op 52nd"]
[Site "Groningen"]
[Date "2014.12.23"]
[Round "3"]
[White "Schoehuys, Erik"]
[Black "Simonian, Tigran"]
[Result "1/2-1/2"]
[WhiteElo "2125"]
[BlackElo "2406"]
[PlyCount "142"]
[EventDate "2014.12.21"]
[EventType "swiss"]
[EventRounds "9"]
[EventCountry "NED"]
[SourceTitle "CBM 164 Extra"]
[Source "ChessBase"]
[SourceDate "2015.03.02"]
[SourceVersion "1"]
[SourceVersionDate "2015.03.02"]
[SourceQuality "1"]

1. d4 Nf6 2. c4 e6 3. Nc3 d5 4. Nf3 Bb4 5. Qc2 0-0 6. a3 Bxc3+ 7. Qxc3 dxc4 8. Qxc4 b6 9. Bg5 Bb7 10. Rc1 Nc6 11. e3 h6 12. Bh4 g5 13. Bg3 Ne4 14. Ne5 Ne7 15. Bd3 c5 16. Qc2 Nxg3 17. hxg3 cxd4 18. Rxh6 Qd5 19. Bc4 Qe4 20. Qxe4 Bxe4 21. f3 Kg7 22. Rh3 Bf5 23. g4 Bg6 24. exd4 Rac8 25. Rd1 Rfd8 26. Bb3 Bc2 27. Bxc2 Rxc2 28. b3 Rxg2 29. Kf1 Ra2 30. Nc4 Nd5 31. a4 a6 32. Rd2 Rxd2 33. Nxd2 Nf4 34. Rh2 Rxd4 35. Ke1 Rd3 36. Kd1 f5 37. Kc2 b5 38. axb5 axb5 39. gxf5 exf5 40. Rh1 b4 41. Ra1 Rc3+ 42. Kd1 Kf6 43. Ra5 Nd3 44. Rb5 Ke6 45. Rb8 Rc1+ 46. Ke2 Nf4+ 47. Kf2 Rc2 48. Rd8 Ke5 49. Ke1 Ne6 50. Rb8 Rc1+ 51. Kf2 Nc5 52. Ke2 Rh1 53. Rxb4 Rh2+ 54. Kd1 Rf2 55. Rc4 Kd5 56. Rc3 Kd4 57. Kc2 Na6 58. Rd3+ Kc5 59. Rc3+ Kd4 60. Rd3+ Ke5 61. Kc3 Nc5 62. Rd8 Ne6 63. Re8 Kd5 64. b4 Re2 65. b5 g4 66. fxg4 fxg4 67. Rg8 Re3+ 68. Kb4 Rd3 69. Nf1 Rd4+ 70. Ka5 Ke5 71. Ne3 g3 1/2-1/2

[Event "Voronezh op-A 18th"]
[Site "Voronezh"]
[Date "2014.06.19"]
[Round "7"]
[White "Simonian, Tigran"]
[Black "Tarasova, Viktoriya"]
[Result "1-0"]
[WhiteElo "2422"]
[BlackElo "2252"]
[PlyCount "57"]
[EventDate "2014.06.12"]
[EventType "swiss"]
[EventRounds "9"]
[EventCountry "RUS"]
[SourceTitle "CBM 160 Extra"]
[Source "ChessBase"]
[SourceDate "2014.07.01"]
[SourceVersion "1"]
[SourceVersionDate "2014.07.01"]
[SourceQuality "1"]

1. Nf3 d5 2. e3 Nf6 3. c4 c6 4. Nc3 a6 5. Qc2 e6 6. b3 Bd6 7. Bb2 0-0 8. d4 Nbd7 9. Be2 b6 10. 0-0 Bb7 11. e4 Nxe4 12. Nxe4 dxe4 13. Qxe4 Nf6 14. Qh4 c5 15. Rad1 Qe7 16. Rfe1 cxd4 17. Bxd4 Bc5 18. Bd3 h6 19. Ne5 Bxd4 20. Qxd4 Qc7 21. Re3 Rfd8 22. Qf4 Qe7 23. Rde1 Qc5 24. Qg3 Rd4 25. Qh3 Rad8 26. Nxf7 Kxf7 27. Qxe6+ Kf8 28. Bg6 Qc7 29. Qe8+ 1-0

[Event "Voronezh op-A 18th"]
[Site "Voronezh"]
[Date "2014.06.18"]
[Round "6"]
[White "Triapishko, Alexandr"]
[Black "Simonian, Tigran"]
[Result "1-0"]
[WhiteElo "2280"]
[BlackElo "2422"]
[PlyCount "55"]
[EventDate "2014.06.12"]
[EventType "swiss"]
[EventRounds "9"]
[EventCountry "RUS"]
[SourceTitle "CBM 160 Extra"]
[Source "ChessBase"]
[SourceDate "2014.07.01"]
[SourceVersion "1"]
[SourceVersionDate "2014.07.01"]
[SourceQuality "1"]

1. e4 c5 2. Nf3 Nc6 3. d4 cxd4 4. Nxd4 Nf6 5. Nc3 d6 6. Bg5 Bd7 7. Qd2 Rc8 8. 0-0-0 Qa5 9. Nb3 Qd8 10. f3 a6 11. Kb1 Na5 12. Nd5 Nxb3 13. axb3 Bc6 14. h4 h6 15. Be3 Nd7 16. g4 e6 17. Qf2 Be7 18. Nxe7 Qxe7 19. Qg3 e5 20. Rh2 Rd8 21. Rhd2 0-0 22. Rxd6 Rfe8 23. g5 Nf8 24. gxh6 g6 25. Rxd8 Rxd8 26. Rxd8 Qxd8 27. Qxe5 Ne6 28. Bc4 1-0

[Event "Voronezh op-A 18th"]
[Site "Voronezh"]
[Date "2014.06.13"]
[Round "2"]
[White "Simonian, Tigran"]
[Black "Grigorjev, Iljya"]
[Result "1-0"]
[WhiteElo "2422"]
[BlackElo "2181"]
[PlyCount "59"]
[EventDate "2014.06.12"]
[EventType "swiss"]
[EventRounds "9"]
[EventCountry "RUS"]
[SourceTitle "CBM 160 Extra"]
[Source "ChessBase"]
[SourceDate "2014.07.01"]
[SourceVersion "1"]
[SourceVersionDate "2014.07.01"]
[SourceQuality "1"]

1. d4 Nf6 2. c4 g6 3. d5 e6 4. Nc3 exd5 5. cxd5 Bg7 6. e4 0-0 7. Bd3 c6 8. Nge2 Qa5 9. Bd2 Qb6 10. Rb1 cxd5 11. exd5 Ng4 12. 0-0 Ne5 13. Be3 Qd8 14. d6 Nxd3 15. Qxd3 b6 16. Rfe1 Nc6 17. Qd2 Bb7 18. Nd5 Be5 19. Bg5 f6 20. Bf4 Bxf4 21. Nexf4 Ne5 22. Rbc1 Bxd5 23. Nxd5 Kg7 24. f4 Nf7 25. Re7 Rc8 26. Rce1 Rc6 27. Nxf6 Kxf6 28. Qd4+ Kf5 29. R1e5+ Kg4 30. h3+ 1-0

[Event "RUS-chT 21st"]
[Site "Loo"]
[Date "2014.04.11"]
[Round "5.3"]
[White "Grachev, Boris V"]
[Black "Simonian, Tigran"]
[Result "1-0"]
[WhiteElo "2659"]
[BlackElo "2427"]
[PlyCount "67"]
[EventDate "2014.04.07"]
[EventType "team-swiss"]
[EventRounds "7"]
[EventCountry "RUS"]
[SourceTitle "CBM 160"]
[Source "ChessBase"]
[SourceDate "2014.05.15"]
[SourceVersion "1"]
[SourceVersionDate "2014.05.15"]
[SourceQuality "1"]
[WhiteTeam "Moscow Inheritance"]
[BlackTeam "Desnogorsk Atom"]
[WhiteTeamCountry "RUS"]
[BlackTeamCountry "RUS"]

1. c4 Nf6 2. Nf3 e6 3. g3 d5 4. Bg2 Be7 5. d4 0-0 6. Qc2 c6 7. 0-0 Nbd7 8. Nbd2 b6 9. e4 Bb7 10. e5 Ne8 11. cxd5 cxd5 12. Re1 Rc8 13. Qa4 Nc7 14. Bf1 a5 15. Bd3 Ba6 16. Bb1 Na8 17. Nf1 b5 18. Qd1 b4 19. h4 Nab6 20. N1h2 Rc6 21. Kg2 Qc7 22. Bg5 f6 23. exf6 gxf6 24. Bh6 Rf7 25. Ng4 Kh8 26. h5 Nf8 27. Rh1 Nc4 28. Bg6 Bd6 29. Bxf7 Qxf7 30. Rc1 Bb5 31. b3 Nb6 32. Rxc6 Bxc6 33. Qc1 Bd7 34. Bf4 1-0

[Event "EU-ch 15th"]
[Site "Yerevan"]
[Date "2014.03.12"]
[Round "9"]
[White "Simonian, Tigran"]
[Black "Khachatryan, Vahagn"]
[Result "1-0"]
[WhiteElo "2425"]
[BlackElo "2278"]
[PlyCount "79"]
[EventDate "2014.03.03"]
[EventType "swiss"]
[EventRounds "11"]
[EventCountry "ARM"]
[SourceTitle "CBM 160"]
[Source "ChessBase"]
[SourceDate "2014.05.15"]
[SourceVersion "1"]
[SourceVersionDate "2014.05.15"]
[SourceQuality "1"]

1. d4 d5 2. Nf3 Nf6 3. c4 c6 4. Nc3 e6 5. e3 Nbd7 6. Qc2 Bd6 7. Bd3 dxc4 8. Bxc4 b5 9. Be2 0-0 10. 0-0 Bb7 11. e4 e5 12. dxe5 Nxe5 13. Nh4 b4 14. Nf5 bxc3 15. Rd1 Nd5 16. exd5 cxd5 17. Nxd6 Qxd6 18. Qxc3 Rac8 19. Qd4 Nc6 20. Qh4 Rfe8 21. Bd3 h6 22. Bf4 Qb4 23. Qg3 Kh8 24. a3 Qb6 25. b4 Qd8 26. b5 Na5 27. Bf5 Ra8 28. Be3 Nc4 29. Bd4 Qg5 30. Qxg5 hxg5 31. a4 a6 32. b6 a5 33. Re1 Bc6 34. Rab1 Nd2 35. f3 Nxb1 36. Rxb1 Rab8 37. Rc1 Rec8 38. Bxc8 Rxc8 39. Be3 f6 40. Rxc6 1-0

[Event "EU-ch 15th"]
[Site "Yerevan"]
[Date "2014.03.08"]
[Round "6"]
[White "Khismatullin, Denis Rimovich"]
[Black "Simonian, Tigran"]
[Result "1-0"]
[WhiteElo "2714"]
[BlackElo "2425"]
[PlyCount "85"]
[EventDate "2014.03.03"]
[EventType "swiss"]
[EventRounds "11"]
[EventCountry "ARM"]
[SourceTitle "CBM 160"]
[Source "ChessBase"]
[SourceDate "2014.05.15"]
[SourceVersion "1"]
[SourceVersionDate "2014.05.15"]
[SourceQuality "1"]

1. c4 c6 2. Nf3 Nf6 3. Nc3 d5 4. e3 e6 5. d4 Nbd7 6. Qc2 b6 7. Bd3 Bb7 8. 0-0 Be7 9. b3 0-0 10. Bb2 h6 11. Rfd1 Qc7 12. Rac1 Rac8 13. Qe2 dxc4 14. Bxc4 Qb8 15. e4 b5 16. Bd3 b4 17. Na4 c5 18. e5 Nd5 19. Qe4 N5f6 20. exf6 Bxe4 21. fxe7 Rfe8 22. Bxe4 Nf6 23. Nxc5 Rxe7 24. Bd3 Nd5 25. g3 Qd6 26. Ne5 Rec7 27. h4 Kf8 28. Bf1 Kg8 29. Bg2 Rd8 30. Bf3 Qb6 31. Kg2 Qa5 32. Rd2 Qb6 33. Rdc2 Qb5 34. Be2 Qe8 35. Rc4 a5 36. Ne4 Rb7 37. Nc6 Ra8 38. Nd6 Qd7 39. Nxb7 Qxb7 40. Bf3 Qd7 41. Ne5 Qd8 42. Rc5 f6 43. Nc6 1-0

[Event "Moscow op-A"]
[Site "Moscow"]
[Date "2014.02.04"]
[Round "4"]
[White "Ponkratov, Pavel"]
[Black "Simonian, Tigran"]
[Result "1-0"]
[WhiteElo "2611"]
[BlackElo "2421"]
[PlyCount "147"]
[EventDate "2014.02.01"]
[EventType "swiss"]
[EventRounds "9"]
[EventCountry "RUS"]
[SourceTitle "CBM 158 Extra"]
[Source "ChessBase"]
[SourceDate "2014.02.28"]
[SourceVersion "1"]
[SourceVersionDate "2014.02.28"]
[SourceQuality "1"]

1. e4 c5 2. Nf3 Nc6 3. d4 cxd4 4. Nxd4 e6 5. Nc3 Qc7 6. g3 a6 7. Bg2 Nf6 8. 0-0 Nxd4 9. Qxd4 Bc5 10. Bf4 d6 11. Qd2 h6 12. Rad1 e5 13. Be3 Be6 14. Bxc5 dxc5 15. f4 0-0 16. Nd5 Bxd5 17. exd5 Qd6 18. fxe5 Qxe5 19. d6 Qxb2 20. a4 Rad8 21. Rb1 Qe5 22. Rfd1 Ne4 23. Qe3 f5 24. d7 Qc7 25. g4 Rxd7 26. Rxd7 Qxd7 27. gxf5 Nf6 28. Qe6+ Qxe6 29. fxe6 b5 30. axb5 axb5 31. Rxb5 Re8 32. Bf1 Ne4 33. Bd3 Nd6 34. Rb6 Nc8 35. Rc6 Kf8 36. Bc4 g6 37. Kg2 Ne7 38. Rxc5 Rd8 39. Bb3 Rd2+ 40. Kg3 Kg7 41. h3 Kf6 42. Kf4 Rf2+ 43. Ke4 Re2+ 44. Kf3 Rh2 45. Kg3 Rd2 46. Rc7 Re2 47. Rd7 Re3+ 48. Kg2 Re2+ 49. Kf3 Rh2 50. Kg3 Re2 51. Rd3 h5 52. Kf3 Rh2 53. Ke4 Re2+ 54. Kf3 Rh2 55. Kg3 Re2 56. Rd8 Ke5 57. Kf3 Rh2 58. Re8 Kd6 59. Kg3 Rh1 60. Kf4 Rf1+ 61. Kg5 Rf3 62. h4 Rg3+ 63. Kf6 Rf3+ 64. Kg7 g5 65. hxg5 h4 66. Rd8+ Ke5 67. Rd7 h3 68. Rxe7 h2 69. Rf7 Rxb3 70. e7 Rb8 71. Rf1 Ke6 72. Re1+ Kd6 73. Kf7 Rb7 74. Rd1+ 1-0

[Event "Moscow op-A"]
[Site "Moscow"]
[Date "2014.02.02"]
[Round "2"]
[White "Shimanov, Aleksandr"]
[Black "Simonian, Tigran"]
[Result "0-1"]
[WhiteElo "2658"]
[BlackElo "2421"]
[PlyCount "126"]
[EventDate "2014.02.01"]
[EventType "swiss"]
[EventRounds "9"]
[EventCountry "RUS"]
[SourceTitle "CBM 158 Extra"]
[Source "ChessBase"]
[SourceDate "2014.02.28"]
[SourceVersion "1"]
[SourceVersionDate "2014.02.28"]
[SourceQuality "1"]

1. Nf3 d5 2. g3 Nf6 3. Bg2 c6 4. c4 Bg4 5. Ne5 Bf5 6. Qb3 Qc7 7. d4 e6 8. Nc3 Nbd7 9. Nxd7 Qxd7 10. 0-0 Be7 11. Bf4 0-0 12. a4 a5 13. c5 h6 14. Rad1 Rfe8 15. f3 Qc8 16. e4 Bg6 17. Rfe1 Bd8 18. Bh3 Bc7 19. Bd6 Qb8 20. Bf1 Bxd6 21. cxd6 Qxd6 22. e5 Qb4 23. Qxb4 axb4 24. Nb5 cxb5 25. Bxb5 Rec8 26. exf6 Rc2 27. Re2 Rxe2 28. Bxe2 Rxa4 29. fxg7 Bc2 30. Rd2 b3 31. Bd3 Rc4 32. Kf2 Bxd3 33. Rxd3 Rc2+ 34. Ke3 Rxb2 35. Rc3 Kxg7 36. h4 h5 37. Kf4 Kg6 38. Rc7 Re2 39. Rxb7 f6 40. Rb6 b2 41. g4 Rd2 42. Ke3 Rh2 43. Kf4 Re2 44. g5 Rh2 45. gxf6 Kxf6 46. Ke3 Kf5 47. Rb5 e5 48. dxe5 Kxe5 49. f4+ Kd6 50. Kd4 Ke6 51. Ke3 Kd6 52. Rb8 Kc7 53. Rb4 Kc6 54. f5 Rh3+ 55. Kd2 Rxh4 56. Rb8 Rh2+ 57. Kc3 Kd6 58. f6 Ke6 59. Rb6+ Kf7 60. Kd4 Re2 61. Kd3 Rg2 62. Kd4 h4 63. Ke5 Kg6 0-1

[Event "Seville op 39th"]
[Site "Seville"]
[Date "2014.01.17"]
[Round "8"]
[White "Simonian, Tigran"]
[Black "Diaz Castro, Sergio"]
[Result "1-0"]
[WhiteElo "2412"]
[BlackElo "2256"]
[PlyCount "153"]
[EventDate "2014.01.10"]
[EventType "swiss"]
[EventRounds "9"]
[EventCountry "ESP"]
[SourceTitle "CBM 158 Extra"]
[Source "ChessBase"]
[SourceDate "2014.02.28"]
[SourceVersion "1"]
[SourceVersionDate "2014.02.28"]
[SourceQuality "1"]

1. d4 Nf6 2. c4 g6 3. Nc3 Bg7 4. e4 d6 5. h3 0-0 6. Nf3 Nc6 7. Bg5 h6 8. Be3 e5 9. d5 Nd4 10. Nxd4 exd4 11. Bxd4 Nxe4 12. Bxg7 Re8 13. Be2 Kxg7 14. Qd4+ Qf6 15. Qxf6+ Kxf6 16. Nxe4+ Rxe4 17. Kd2 Bd7 18. Bd3 Re5 19. f4 Re7 20. Rae1 Rxe1 21. Rxe1 Re8 22. Rxe8 Bxe8 23. Ke3 Bd7 24. g4 g5 25. Kf3 a5 26. Kg3 Ke7 27. Kf3 Ba4 28. Ke3 Kf6 29. b3 Bd7 30. a3 Ke7 31. Kd4 Kf6 32. Ke3 Ke7 33. Bc2 Kf6 34. Kf3 Ke7 35. Bd3 Kf6 36. Kg3 Ke7 37. h4 f6 38. h5 c5 39. dxc6 Bxc6 40. b4 b6 41. b5 Bb7 42. Be2 d5 43. fxg5 fxg5 44. Kf2 d4 45. Bd3 Kd6 46. Bf5 Kc5 47. Be6 Be4 48. Ke2 Bc2 49. Kd2 Bb1 50. Bf7 Ba2 51. Kd3 Bb1+ 52. Kd2 Be4 53. Be6 Bg2 54. Ke2 Be4 55. Kd2 Bf3 56. Kd3 Bg2 57. Ke2 Ba8 58. Kd3 Bf3 59. Kd2 Be4 60. Ke2 Bb1 61. Kd2 Bh7 62. Ke2 Kd6 63. Bf7 Ke5 64. Bg6 Bg8 65. Kd3 Be6 66. Bf5 Bxf5+ 67. gxf5 g4 68. c5 g3 69. cxb6 Kd6 70. f6 g2 71. f7 Ke7 72. b7 g1Q 73. f8Q+ Kxf8 74. b8Q+ Kf7 75. Qf4+ Ke6 76. Qe4+ Kf6 77. Qg6+ 1-0

[Event "Seville op 39th"]
[Site "Seville"]
[Date "2014.01.12"]
[Round "3"]
[White "Fernandez Rodriguez, Jose Antonio"]
[Black "Simonian, Tigran"]
[Result "0-1"]
[WhiteElo "2114"]
[BlackElo "2412"]
[PlyCount "100"]
[EventDate "2014.01.10"]
[EventType "swiss"]
[EventRounds "9"]
[EventCountry "ESP"]
[SourceTitle "CBM 158 Extra"]
[Source "ChessBase"]
[SourceDate "2014.02.28"]
[SourceVersion "1"]
[SourceVersionDate "2014.02.28"]
[SourceQuality "1"]

1. f4 d5 2. g3 c5 3. Nf3 Nc6 4. Bg2 Bg4 5. d3 e6 6. 0-0 Nf6 7. Nc3 Be7 8. h3 Bxf3 9. Bxf3 a6 10. e4 d4 11. Ne2 e5 12. g4 Nd7 13. a3 exf4 14. Nxf4 Nde5 15. Nd5 Bd6 16. Bf4 Ng6 17. Bxd6 Qxd6 18. Qe1 0-0 19. Kg2 Nce7 20. Qg3 Ne5 21. Rae1 b5 22. g5 c4 23. Nxe7+ Qxe7 24. Be2 Rac8 25. Rf5 Rfe8 26. Ref1 a5 27. h4 a4 28. R1f2 c3 29. bxc3 Rxc3 30. Qf4 Ng6 31. Qg3 Rxc2 32. Rxb5 Qxa3 33. h5 Nf8 34. Qf4 Qe7 35. Re5 Ne6 36. Qf5 g6 37. hxg6 hxg6 38. Qg4 Rxe2 39. Rxe2 Nf4+ 40. Qxf4 Qxe5 41. Qh4 a3 42. Kf3 Ra8 43. Rh2 Ra5 44. Qf4 Qxf4+ 45. Kxf4 Kf8 46. e5 Ke7 47. Ke4 Ra4 48. Kf4 Kd7 49. Kf3 Kc6 50. Ke4 Kc5 0-1

[Event "Moscow VAO IM 11"]
[Site "Moscow"]
[Date "2014.??.??"]
[Round "?"]
[White "Atabayev, Maksat"]
[Black "Simonian, Tigran"]
[Result "1-0"]
[WhiteElo "2471"]
[BlackElo "2412"]
[PlyCount "71"]
[EventDate "2014.11.19"]
[EventType "tourn"]
[EventRounds "13"]
[EventCountry "RUS"]
[SourceTitle "EXT 2016"]
[Source "ChessBase"]
[SourceDate "2015.10.08"]
[SourceVersion "1"]
[SourceVersionDate "2015.10.08"]
[SourceQuality "1"]

1. e4 c5 2. Nf3 Nc6 3. Bb5 g6 4. 0-0 Bg7 5. Re1 Nf6 6. e5 Nd5 7. Nc3 Nc7 8. Bxc6 dxc6 9. Ne4 Ne6 10. d3 0-0 11. Be3 b6 12. Qd2 Nd4 13. Nxd4 cxd4 14. Bh6 f5 15. exf6 exf6 16. Bxg7 Kxg7 17. Qf4 Be6 18. Nc5 Bd5 19. Ne6+ Bxe6 20. Rxe6 Re8 21. Rae1 Rxe6 22. Rxe6 c5 23. Qe4 Kf7 24. Rc6 Qd7 25. Rxf6+ Kxf6 26. Qxa8 Qe7 27. g3 h5 28. h4 Kg7 29. Qd5 Qc7 30. Kg2 Kh7 31. Qe6 Qg7 32. f3 Qb7 33. Kf2 Qc7 34. f4 Qg7 35. f5 gxf5 36. Qxf5+ 1-0

[Event "Groningen op-A 51st"]
[Site "Groningen"]
[Date "2013.12.24"]
[Round "4"]
[White "Beukema, Stefan"]
[Black "Simonian, Tigran"]
[Result "0-1"]
[WhiteElo "2280"]
[BlackElo "2401"]
[PlyCount "72"]
[EventDate "2013.12.21"]
[EventType "swiss"]
[EventRounds "9"]
[EventCountry "NED"]
[SourceTitle "CBM 158 Extra"]
[Source "ChessBase"]
[SourceDate "2014.02.28"]
[SourceVersion "1"]
[SourceVersionDate "2014.02.28"]
[SourceQuality "1"]

1. e4 c5 2. Nf3 Nc6 3. d4 cxd4 4. Nxd4 e6 5. c4 Nf6 6. Nc3 Bb4 7. f3 d5 8. cxd5 exd5 9. Bb5 Bd7 10. exd5 Nxd5 11. 0-0 Nxc3 12. bxc3 Bxc3 13. Bxc6 bxc6 14. Bb2 Bxb2 15. Qe2+ Qe7 16. Qxb2 0-0 17. Rac1 Rfb8 18. Qc3 Rb6 19. Rfe1 Qf6 20. Qc5 h6 21. a4 Qg6 22. Rc2 Rab8 23. Qe7 Re8 24. Qh4 Rxe1+ 25. Qxe1 Qd6 26. Rd2 Qc5 27. Qe3 Rb8 28. Kf2 Re8 29. Qf4 Qb4 30. Ne6 Qb6+ 31. Nd4 c5 32. Ne2 c4+ 33. Kf1 Bxa4 34. Qxc4 Bb5 35. Qd5 Bxe2+ 36. Rxe2 Qa6 0-1

[Event "Groningen op-A 51st"]
[Site "Groningen"]
[Date "2013.12.21"]
[Round "1"]
[White "Simonian, Tigran"]
[Black "Vos, Tjark"]
[Result "1-0"]
[WhiteElo "2401"]
[BlackElo "2085"]
[PlyCount "85"]
[EventDate "2013.12.21"]
[EventType "swiss"]
[EventRounds "9"]
[EventCountry "NED"]
[SourceTitle "CBM 158 Extra"]
[Source "ChessBase"]
[SourceDate "2014.02.28"]
[SourceVersion "1"]
[SourceVersionDate "2014.02.28"]
[SourceQuality "1"]

1. d4 Nf6 2. c4 e6 3. Nf3 b6 4. Nc3 Bb7 5. Bg5 Bb4 6. Nd2 h6 7. Bh4 0-0 8. e4 g5 9. Bg3 Nxe4 10. Ndxe4 Bxe4 11. h4 Bxc3+ 12. bxc3 Bg6 13. hxg5 hxg5 14. Qf3 Nc6 15. Bxc7 Qe7 16. Bd6 Qd8 17. Bxf8 Qxf8 18. Qf6 Qg7 19. Qxg5 Rc8 20. Be2 Na5 21. Rh3 Bf5 22. Qxg7+ Kxg7 23. Rg3+ Kf6 24. Kd2 Nxc4+ 25. Bxc4 Rxc4 26. Rg8 Be4 27. f3 Bd5 28. a4 Ke7 29. a5 b5 30. Rb1 a6 31. Rb4 Rc6 32. Rb8 Kd6 33. Rb7 Ke7 34. Ra7 Rd6 35. Rb1 Bc4 36. Rb7 e5 37. Re1 Kd8 38. Rb6 Rxb6 39. axb6 exd4 40. Re8+ Kxe8 41. b7 d3 42. b8Q+ Ke7 43. Qe5+ 1-0

[Event "Nabokov Memorial-A 11th"]
[Site "Kiev"]
[Date "2013.05.12"]
[Round "7"]
[White "Gorovets, Andrey"]
[Black "Simonian, Tigran"]
[Result "1/2-1/2"]
[WhiteElo "2471"]
[BlackElo "2416"]
[PlyCount "31"]
[EventDate "2013.05.07"]
[EventType "tourn"]
[EventRounds "9"]
[EventCountry "UKR"]
[EventCategory "9"]
[SourceTitle "CBM 154 Extra"]
[Source "ChessBase"]
[SourceDate "2013.06.25"]
[SourceVersion "2"]
[SourceVersionDate "2013.06.25"]
[SourceQuality "1"]

1. d4 d5 2. Bg5 h6 3. Bh4 c6 4. Nf3 Qb6 5. b3 Bf5 6. e3 e6 7. Bd3 Bxd3 8. Qxd3 Be7 9. Bxe7 Nxe7 10. 0-0 Nd7 11. c4 0-0 12. Nc3 Rad8 13. Rad1 Qa6 14. cxd5 Qxd3 15. Rxd3 exd5 16. a4 1/2-1/2

[Event "Nabokov Memorial-A 11th"]
[Site "Kiev"]
[Date "2013.05.10"]
[Round "4"]
[White "Simonian, Tigran"]
[Black "Golichenko, Ilja"]
[Result "1-0"]
[WhiteElo "2416"]
[BlackElo "2433"]
[PlyCount "71"]
[EventDate "2013.05.07"]
[EventType "tourn"]
[EventRounds "9"]
[EventCountry "UKR"]
[EventCategory "9"]
[SourceTitle "CBM 154 Extra"]
[Source "ChessBase"]
[SourceDate "2013.06.25"]
[SourceVersion "2"]
[SourceVersionDate "2013.06.25"]
[SourceQuality "1"]

1. d4 Nf6 2. Nf3 e6 3. e3 b6 4. Bd3 Bb7 5. 0-0 c5 6. c4 d6 7. Nc3 Nbd7 8. Re1 Be7 9. h3 a6 10. a4 Qc7 11. b3 cxd4 12. exd4 d5 13. Bd2 0-0 14. Qe2 Bb4 15. Ne5 dxc4 16. bxc4 Nxe5 17. dxe5 Bxc3 18. Bxc3 Qc6 19. f4 Rfd8 20. Ra2 Nd7 21. a5 Nc5 22. Bb1 b5 23. Kh2 Na4 24. Ba1 g6 25. cxb5 axb5 26. Qg4 b4 27. f5 Nc3 28. fxg6 Nxa2 29. gxf7+ Kf8 30. Be4 Qc7 31. Bxb7 Qxb7 32. Qg8+ Ke7 33. Qg7 Rf8 34. Qf6+ Kd7 35. Rd1+ Kc6 36. Qf3+ 1-0